01413nam a2200265 a 4500001001000000005001700010008004100027041000800068044000700076050001900083100004500102245009500147260003300242300002200275500025100297500008700548500021600635500001000851650005200861650005600913650003400969650004501003700004901048740005001097BRCA_249120190320203832.0211108s1845----sp-a---###---#000-0#spa-u aspa asp 4a131b.P66 18451 aCervantes Saavedra, Miguel ded1547-161610aEl Ingenioso Hidalgo Don Quijote de la Manchaccompuesto por Miguel de Cervantes Saavedra. aBarcelonabSS. A. Ponsc1845 a3 v.bil.c13 cm. aContenido : v 1. Primera parte. Advertencia de los editores. Vida de Cervantes. Dedicatoria del autor. Prólogo del autor. Versos preliminares. Texto. -- v 2. Texto. Segunda parte. Dedicatoria del autor. Prólogo del autor. Texto. -- v 3. Texto aEdición : Nueva edición conforme a la corregida y anotada por Eugenio de Ochoa aVa adornada con láminas de la edición de 1797, reducidas y grabadas con esmero por Clavel y Chambarón. Bonita edición pulcramente impresa. Semipiel; lomeras decoradas con adornos dorados Lúdovik Osterc aQM11114aNovela españolayÉpoca clásica, 1500-170014aLiteratura españolayÉpoca clásica, 1500-170014aNovela españolaySiglo XVII14aDon Quijote (Personaje ficticio)eNovela1 aOchoa y Montel, Eugeniod1815-1872eAnotador0 aEl Ingenioso Hidalgo Don Quijote de la Mancha